|
|
|
|
| LEADER |
01475nam a2200373Ia 4500 |
| 001 |
EBC1772458 |
| 003 |
MiAaPQ |
| 005 |
20200520144314.0 |
| 006 |
m o d | |
| 007 |
cr cn||||||||| |
| 008 |
090209s2009 enka sb 101 0 eng d |
| 020 |
|
|
|z 1841132586
|
| 020 |
|
|
|z 9781841132587
|
| 035 |
|
|
|a (MiAaPQ)EBC1772458
|
| 035 |
|
|
|a (Au-PeEL)EBL1772458
|
| 035 |
|
|
|a (CaPaEBR)ebr10356638
|
| 035 |
|
|
|a (CaONFJC)MIL244446
|
| 035 |
|
|
|a (OCoLC)893332086
|
| 040 |
|
|
|a MiAaPQ
|c MiAaPQ
|d MiAaPQ
|
| 050 |
|
4 |
|a K1096.A6
|b C66 2009
|
| 245 |
0 |
0 |
|a Consumer credit, debt and bankruptcy
|h [electronic resource] :
|b comparative and international perspectives /
|c edited by Johanna Niemi, Iain Ramsay and William C. Whitford.
|
| 260 |
|
|
|a Oxford ;
|a Portland, Or. :
|b Hart Publishing,
|c 2009.
|
| 300 |
|
|
|a viii, 453 p. :
|b ill.
|
| 504 |
|
|
|a Includes bibliographical references and index.
|
| 533 |
|
|
|a Electronic reproduction. Ann Arbor, MI : ProQuest, 2015. Available via World Wide Web. Access may be limited to ProQuest affiliated libraries.
|
| 650 |
|
0 |
|a Bankruptcy
|v Congresses.
|
| 650 |
|
0 |
|a Consumer credit
|x Law and legislation
|v Congresses.
|
| 650 |
|
0 |
|a Debtor and creditor
|v Congresses.
|
| 655 |
|
4 |
|a Electronic books.
|
| 700 |
1 |
|
|a Niemi-Kiesilainen, Johanna.
|
| 700 |
1 |
|
|a Ramsay, Iain.
|
| 700 |
1 |
|
|a Whitford, William C.,
|d 1940-
|
| 710 |
2 |
|
|a ProQuest (Firm)
|
| 856 |
4 |
0 |
|u https://ebookcentral.proquest.com/lib/matrademy/detail.action?docID=1772458
|z Click to View
|